000 00567nam a2200181Ia 4500
008 090124s9999 xx 000 0 und d
082 _b24910
100 _aवैद्य कृष्णाबाई
245 _a वादऴवेल
250 _a0
260 _bश्रीमती कृष्णाबाई वैद्य
300 _a64
600 _aवैद्य कृष्णाबाई
630 _a वादऴवेल
700 _aवैद्य कृष्णाबाई
730 _a वादऴवेल
942 _cBOOK
999 _c93299
_d93299